| 000 | 00583nam a2200229Ia 4500 | ||
|---|---|---|---|
| 005 | 20260320201512.0 | ||
| 008 | 008 262003s9999 xx 000 0 eng d | ||
| 037 | _aEBOOK | ||
| 040 | _aCRL | ||
| 040 | _beng | ||
| 040 | _cCRL | ||
| 041 | _2eng | ||
| 041 | _aeng | ||
| 084 | _qCRL | ||
| 100 |
_aCrease _9930537 |
||
| 245 | 4 | _aThe Leak: Politics, Activists, and Loss of Trust at Brookhaven National Laboratory | |
| 260 | _bIEEE | ||
| 856 | _uhttps://ieeexplore.ieee.org/servlet/opac?bknumber=9975232 | ||
| 942 | _cEBOOK | ||
| 999 |
_c1721638 _d1721638 |
||